000
00319nam a2200133Ia 4500
008
231129s2005||||xx |||||||||||||| ||spa||
040
_b
spa
082
_a
Co861 ó15o
100
_a
Ocampo Marin Hector
245
0
_a
Odas heroicas
260
_c
2005
264
_a
Bogotá Colombia : Ideas y Color
942
_2
ddc
_c
BKS
999
_c
22049
_d
22049